A feketegazdaság mérete Magyarországon

Bibliográfiai részletek
Szerző: Pataki Orsolya
További közreműködők: Siklósi Dr. Ágnes
Dokumentumtípus: Diplomadolgozat
Kulcsszavak:feketegazdaság
rejtett gazdaság
feketefoglalkoztatás
Online Access:http://dolgozattar.uni-bge.hu/12041

MARC

LEADER 00000nta a2200000 i 4500
001 dolg12041
005 20170517115847.0
008 170517suuuu hu om 000 hun d
040 |a BGE Dolgozattár Repozitórium  |b hun 
041 |a hu 
100 1 |a Pataki Orsolya 
245 1 2 |a A feketegazdaság mérete Magyarországon  |c Pataki Orsolya  |h [elektronikus dokumentum] 
695 |a feketegazdaság 
695 |a rejtett gazdaság 
695 |a feketefoglalkoztatás 
700 1 |a Siklósi Dr. Ágnes  |e ths 
856 4 0 |u http://dolgozattar.uni-bge.hu/12041/1/YZCRXZ%20-%20MSC%20feketegazdas%C3%A1g%2020170517.pdf  |z Dokumentum-elérés